| 000 | 00924nam a2200253 a 4500 | ||
|---|---|---|---|
| 005 | 20210219160310.0 | ||
| 008 | 081008s1984 mx r 000 0 spa d | ||
| 020 | _a923302105 | ||
| 035 | _aUPN01000162753 | ||
| 049 | _aUNE | ||
| 080 | _a398.2 (861) "1984" LAN. | ||
| 100 | 1 | _aLandaburu, Jon | |
| 245 | 1 | 0 |
_aTradiciones de la gente del hacha : _bmitología de los indios andoques del Amazonas / _cpor jon Lanadaburu, Roberto Pineda C. |
| 260 |
_aParís : _bUNESCO ; _aYerbabuena, Colom. : _bInstituto Caro y Cuervo, _c1984. |
||
| 300 |
_a289 p. . _bil., map. |
||
| 440 | 0 | _aInstituto Caro y Cuervo | |
| 500 | _aIncluye bibliografía. | ||
| 690 | _aCulturas tradicionales - Mitología - Colombia | ||
| 690 | _aCostumbres y tradiciones - Indios sudamericanos - Colombia | ||
| 690 | _aColombia - Costumbres y tradiciones - Folklore | ||
| 700 | 1 |
_aPineda C., Roberto, _ecoaut. |
|
| 710 | 2 | _aUNESCO | |
| 905 | _aUNESCO | ||
| 999 |
_c134866 _d134866 |
||